Szczegóły MARC21

Geograficzno-ekonomiczne czynniki kształtujące produkcję rolnictwa indywidualnego na przykładzie makroregionu dolnej Wisły = Geographic-economic factors influencing production in individual farms of the lower Vistula macroregion /

003 -Nazwa inst., której nr kontr. jest w polu 001 [,]
    • @
    • Nazwa instytucji, której n kontrolny jest w polu 001
    • NUKAT
005 -DATA I CZAS OSTATNIEJ MODYFIKACJI [,]
    • @
    • pole kontrolne
    • 20241231091827.0
020 -Międzynarod. znormalizowany nr książki - ISBN [ , ]
    • a
    • Numer ISBN
    • 838763901X Find
040 -Instytucja sporządzająca opis [ , ]
    • a
    • Instytucja, która sporządziła opis (NP)
    • Ł U/MK
    • c
    • Instytucja, która sporządziła rekord (NP)
    • Ł U/MK
    • d
    • Instytucja, która zmodyfikowała rekord (P)
    • Ł U/AG
    • d
    • Instytucja, która zmodyfikowała rekord (P)
    • Ł U/MSs
041 -Język dokumentu [0, ]
    • a
    • Język tekstu (P)
    • polski
    • b
    • Język streszczeń lub abstraktu (P)
    • angielski
942 -Rodzaj dokumentu [ , ]
    • c
    • Rodzaj dokumentu
    • Książka
100 -Hasło główne - nazwa osobowa [1, ]
    • a
    • Nazwa osobowa (NP)
    • Rudnicki, Roman
    • d
    • Daty biograficzne (NP)
    • (1958- ).
    • 9
    • KHW
    • 100155
245 -Strefa tytułu i oznaczenia odpowiedzialności [1,0]
    • a
    • Tytuł
    • Geograficzno-ekonomiczne czynniki kształtujące produkcję rolnictwa indywidualnego na przykładzie makroregionu dolnej Wisły = Find
    • b
    • Ciąg dalszy tytułu (NP)
    • Geographic-economic factors influencing production in individual farms of the lower Vistula macroregion / Find
    • c
    • Pozostałe elementy strefy tytułu i oznaczenia odpowiedzialności (NP)
    • Roman Rudnicki ; Uniwersytet Mikołaja Kopernika.
246 -Wariant tytułu [3,1]
    • a
    • Tytuł (NP)
    • Geographic-economic factors influencing production in individual farms of the lower Vistula macroregion
260 -Strefa adresu wydawniczego [ , ]
    • a
    • Miejsce wydania (P)
    • Toruń :
    • b
    • Nazwa wydawcy (P)
    • Towarzystwo Naukowe,
    • c
    • Data wydania (P)
    • 1997.
300 -Strefa opisu fizycznego [ , ]
    • a
    • Określenie formy książki i/lub objętość (NP)
    • 167 s., [16] map złoż. :
    • b
    • Oznaczenie ilustracji (NP)
    • rys., wykr. ;
    • c
    • Format (NP)
    • 24 cm.
336 -Typ zawartości [ , ]
    • a
    • Termin opisujący typ zawartości
    • Tekst
    • b
    • Kod określający zawartość
    • txt
    • 2
    • Źródło (terminu i kodu)
    • rdacontent
337 -Typ mediów [ , ]
    • a
    • Tryb odtwarzania
    • Bez urządzenia pośredniczącego
    • b
    • Kod typu mediów
    • n
    • 2
    • Źródło (terminu i kodu)
    • rdamedia
338 -Typ/rodzaj nośnika [ , ]
    • a
    • Hasło opisujące typ nośnika
    • Wolumin
    • b
    • Kod typu nośnika
    • nc
    • 2
    • Źródło (terminu i kodu)
    • rdacarrier
490 -Strefa serii i książki wielotomowej - forma nie do wyszukiwania [1, ]
    • a
    • Tytuł (P)
    • Studia Societatis Scientiarum Torunensis Toruń - Polonia. Sectio C (Geographia et Geologia), Find
    • x
    • ISSN (NP)
    • 0082-5549 ;
    • v
    • Numeracja (P)
    • vol. 10, nr 5
830 -Hasło dodatkowe serii i opisu książki wielotomowej - tytuł ujednolicony/tytuł [ ,0]
    • a
    • Tytuł ujednolicony/tytuł (NP)
    • Studia Societatis Scientiarum Torunensis.
    • n
    • Oznaczenie części/podserii/sekcji (P)
    • Sectio C,
    • p
    • Nazwa części/podserii/sekcji (P)
    • Geographia et Geologia
    • x
    • ISSN
    • 0082-5549
    • v
    • Oznaczenie tomu (NP)
    • vol. 10, nr 5
    • 9
    • KHW
    • 424205
504 -Uwaga dot. bibliogr. załącznikowej [ , ]
    • a
    • Uwaga dot. bibliografii załącznikowej
    • Bibliogr. s. 158-165.
536 -Uwaga dot. finansowania książki [ , ]
    • a
    • Tekst uwagi
    • Wydano z pomocą finansową Agencji Własności Rolnej Skarbu Państwa. Oddział Terenowy w Bydgoszczy oraz Urzędu Miasta w Inowrocławiu
546 -Uwaga dot. języka [ , ]
    • a
    • Uwaga dot. języka
    • Streszcz. ang.
080 -Uniwersalna Klasyfikacja Dziesiętna [ , ]
    • a
    • Symbol klasyfikacji
    • 631.115
    • 9
    • UKD
    • 5294
    • 2
    • Identyfikator wydania tablic
    • UDC-P058
    • b
    • Dopowiedzenie
    • Formy prowadzenia gospodarstw.
080 -Uniwersalna Klasyfikacja Dziesiętna [ , ]
    • a
    • Symbol klasyfikacji
    • :332.14
080 -Uniwersalna Klasyfikacja Dziesiętna [ , ]
    • a
    • Symbol klasyfikacji
    • :[63
080 -Uniwersalna Klasyfikacja Dziesiętna [ , ]
    • a
    • Symbol klasyfikacji
    • :914.38
650 -Hasło przedmiotowe [ ,7]
    • a
    • Hasło przedmiotowe
    • Rolnictwo
    • x
    • Określnik rzeczowy
    • aspekt ekonomiczny
    • z
    • Określnik geograficzny
    • Polska
    • z
    • Określnik geograficzny
    • Wisły, Dorzecze.
    • 2
    • Źródło terminu
    • kaba
    • 9
    • KHW
    • 601760
650 -Hasło przedmiotowe [ ,7]
    • a
    • Hasło przedmiotowe
    • Geografia rolnictwa
    • z
    • Określnik geograficzny
    • Polska
    • z
    • Określnik geograficzny
    • Wisły, Dorzecze.
    • 2
    • Źródło terminu
    • kaba
    • 9
    • KHW
    • 601761
650 -Hasło przedmiotowe [ ,7]
    • a
    • Hasło przedmiotowe
    • Gospodarstwa rolne rodzinne
    • x
    • Określnik rzeczowy
    • aspekt ekonomiczny
    • z
    • Określnik geograficzny
    • Polska
    • z
    • Określnik geograficzny
    • Wisły, Dorzecze.
    • 2
    • Źródło terminu
    • kaba
    • 9
    • KHW
    • 601759
980 -Symbol UKD [ , ]
    • a
    • UKD
    • 631.115:332.14:[63:914.38]
710 -Hasło dodatkowe - nazwa ciała zbiorowego [2, ]
    • a
    • Nazwa ciała zbiorowego lub nazwa geograficzna jako pierwszy element (NP)
    • Towarzystwo Naukowe (Toruń).
    • 4
    • Kod relacji
    • pbl
    • 9
    • KHW
    • 18324
920 -ISBN [ , ]
    • a
    • ISBN
    • 83-87639-01-X Find
Data inwentaryzacji Lokalizacja Status udost. Sygnatura Numer inwentarzowy
2002-06-07BE-2 E.68313
1999-03-09BG1Z.93463Z.93463